LEADER 02764nam0 22005773i 450 001 RAV0074662 005 20251003044321.0 020 $aIT$b7510110 100 $a19891109d1975 ||||0itac50 ba 101 | $aita$cita 102 $ait 181 1$6z01$ai $bxxxe 182 1$6z01$an 183 1$6z01$anc$2RDAcarrier 200 1 $aCesare Lombroso$fLuigi Bulferetti 210 $aTorino$cUnione tipografico-editrice Torinese$d©1975 215 $aXXV, 605 p., [20] carte di tav.$cill.$d24 cm 225 | $aˆLa ‰vita sociale della nuova Italia$v23 312 $aTitolo in copertina: Lombroso$9RAV0074675 410 0$1001CFI0039111$12001 $aˆLa ‰vita sociale della nuova Italia$v23 500 10$aCesare Lombroso$3USM0053722$9CFIV018308$9200555 517 1 $aLombroso$9RAV0074675 606 $aLombroso, Cesare$2FIR$3SBLC087581$9E 676 $a364$9CRIMINOLOGIA REATI$v17 676 $a364$9CRIMINOLOGIA$v18 676 $a364.092$9CRIMINOLOGIA. PERSONE COLLEGATE CON IL SOGGETTO$v19 676 $a364.2$9CAUSE DI CRIMINALITA$v21 676 $a364.2092$9Criminologia. Cause di criminalita'. Persone.$v19 676 $a364.2092$9CRIMINOLOGIA. CAUSE DI CRIMINALITA. Persone.$v21 676 $a616.89$9DISTURBI PSICHICI$v12 676 $a920$9Biografia, genealogia, insegne$v14 676 $a945.09092$9STORIA. ITALIA. 1900- . Persone$v22 676 $a945.090924$9$v21 676 $a945.091092$9STORIA D'ITALIA. REGNO DI VITTORIO EMANUELE III, 1900-1946. Persone$v20 700 1$aBulferetti$b, Luigi$3CFIV018308$4070$0159448 801 3$aIT$bIT-000000$c19891109 850 $aIT-BN0095 $aIT-BN0042 $aIT-AV0001 $aIT-AV0003 $aIT-AV0007 $aIT-NA0079 $aIT-NA0070 $aIT-SA0199 $aIT-CE0127 $aIT-BN0052 $aIT-BN0015 $aIT-NA0580 901 $bNAP BU$c1 B $nPropedeutica. Formato cm. 20,1-28. 901 $bNAP 36$cS. LETTURA$n$ 901 $bNAP BN$cC $nComprende volumi con collocazioni per formato catalogati prima del 1987. La consegna del doc. é effettuata dall'Uff. Distribuzione. 901 $bNAP CO$cBIBLIOTECA$n$ 901 $bNAP AL$cVILLANI $n$ 901 $bNAP AV$cSEZ. M $nSezione Moderna 901 $bNAP PS$cSALA A $n$ 901 $bNAP AR$cP. CICCONE$nDONAZIONE 901 $bNAP CT$cSEZ.GEN. $n$ 912 $aRAV0074662 950 0$aBiblioteca Centralizzata di Ateneo$cv. 2-9;12-15;17-23;25-31;33-40$d 01COLL. ITA VITSDN$e 01AR 0070034515 VMA (0023 1 v.$fB $h20250610$i20250610 977 $a 01$a 36$a AL$a AR$a AV$a BN$a BU$a CO$a CT$a MG$a PB$a PS 996 $aCesare Lombroso$9200555 997 $aUNISANNIO